000 00512nam a2200157 a 4500
001 000031989
005 20200930063334.0
008 110707s2006 es 000 0 spa d
040 _aDO-SdBNP
_bspa
_cBNPHU
100 1 _aMontaner, Carlos Alberto
_d1943-
_932455
245 1 4 _aLas tres dudosas premisas de Felipe Pérez Roque /
_cCarlos Alberto Montaner.
260 _aMadrid :
_b[s.n.],
_c2006.
300 _a27 p. ;
_c20 cm.
500 _aIncluye datos biográficos del autor en la contracubierta
049 _aBNPD
999 _c31480
_d31480